01794nam a2200385 a 4500001001200000003000800012006001900020007001500039008004100054010001700095020004500112020002700157040002100184035002100205050002200226082001700248100004600265245011200311260006000423300001600483440004300499504005100542505025200593533015200845600006200997650001401059650003501073650003501108650003801143650003801181655002901219710001701248856012601265999001701391ebr10629242CaPaEBRm u cr cn|||||||||120418s2012 alu sb 001 0deng d z 2012015850 z9780817317782 (trade cloth : alk. paper) z9780817386412 (e-book) aCaPaEBRcCaPaEBR a(OCoLC)82289411014aP301b.L86 2012eb04a808.00922231 aLundberg, Christian O.q(Christian Oscar)10aLacan in publich[electronic resource] :bpsychoanalysis and the science of rhetoric /cChristian Lundberg. aTuscaloosa, Ala. :bUniversity of Alabama Press,c2012. axiv, 227 p. 0aRhetoric, culture, and social critique aIncludes bibliographical references and index.0 aOn failed unicity: rhetoric and structuralist poetics -- Locating rhetoric -- speech/communication -- Toward an economy of trope -- Reference, enjoyment, and the materiality of rhetoric -- Lacan in public -- Trope, affect, and public subjectivity. aElectronic reproduction.bPalo Alto, Calif. :cebrary,d2011.nAvailable via World Wide Web.nAccess may be limited to ebrary affiliated libraries.10aLacan, Jacques,d1901-1981xCriticism and interpretation. 0aRhetoric. 0aPsychoanalysis and literature. 0aPsychoanalytic interpretation. 0aStructuralism (Literary analysis) 0aCriticismxHistoryy20th century. 7aElectronic books.2local2 aebrary, Inc.40uhttp://site.ebrary.com/lib/rucke/Doc?id=10629242zAn electronic book accessible through the World Wide Web; click to view c72661d72661